000 00502 a2200181 4500
020 _a 0070634475
040 _aDLC
_bDLC
082 _a621.3192
100 _aShyammohan S. Palli.
245 _aElectrical circuits
_cS. Palli Shyammohan
_hBook
250 _a2nd ed.
260 _aNew Delhi :
_bTata McGraw-Hill,
_c c2007.
300 _axix, (various paging) :.
_b ill.
_c 24 cm
500 _aIncludes Index
650 _aElectrical circuits.
700 _aSudhakar, A.
942 _cBK
_k621.3192 SUD
_2ddc
999 _c7296
_d7296